Conan Gray - Romeo - All lyrics - Statistics

General Stats
  • This quiz has been taken 27 times
  • The average score is 359 of 409
Answer Stats
Answer % Correct
I
100%
no
100%
no)
100%
you,
100%
you
100%
You
100%
a
95%
for
95%
got
95%
in
95%
me
95%
now
95%
out
95%
Romeo
95%
Romeo)
95%
Romeo,
95%
so
95%
So
95%
then
95%
your
95%
Your
95%
You're
95%
(You're
95%
and
90%
back
90%
back,
90%
but
90%
I'm
90%
it
90%
know
90%
my
90%
never
90%
Never
90%
of
90%
on
90%
the
90%
to
90%
wait
90%
waitin'
90%
was
90%
what?
90%
what
90%
who
90%
with
90%
With
90%
you've
90%
You've
90%
all
85%
all,
85%
breath
85%
cigarettes
85%
could
85%
did
85%
(Do
85%
don't
85%
Even
85%
free
85%
friends
85%
gonna
85%
gotta
85%
grave
85%
hope
85%
just
85%
laugh
85%
makes
85%
only
85%
pray
85%
prayin'
85%
put
85%
stone,
85%
that
85%
want
85%
why
85%
around
80%
carry
80%
damn,
80%
day,
80%
draggin'
80%
dumped
80%
from
80%
(Fuck)
80%
Fuck
80%
get
80%
Guess
80%
kissin'
80%
like,
80%
love,
80%
mouth
80%
shame
80%
summer
80%
that's
80%
took
80%
wanna
80%
went
80%
Where
80%
will
80%
worst
80%
away
75%
by
75%
drank
75%
drunken
75%
girls
75%
guy
75%
into
75%
liked
75%
lips
75%
live
75%
Lookin'
75%
man
75%
pain,
75%
poison
75%
ribs
75%
selfish
75%
shit
75%
side
75%
Spendin'
75%
swapped
75%
treated
75%
treatin'
75%
up
75%
way
75%
you'll
75%
actor
70%
alone
70%
art
70%
better
70%
blade
70%
can't
70%
egoist
70%
else,
70%
experiment
70%
figure
70%
fix
70%
her
70%
hometown
70%
if
70%
listened
70%
much
70%
said
70%
(Sick)
70%
sittin'
70%
someone
70%
thou?
70%
wish
70%
bout
65%
care
65%
losin'
65%
arms
55%
mind
35%
talk
30%
sorry
25%
bit?)
20%
No matching quizzes found
Score Distribution
Percent of People with Each Score
Percentile by Number Answered
Your Score History
You have not taken this quiz